[Event "Havana Municipal Plaza"]
[Site "Havana"]
[Date "2007.11.16"]
[Round "10"]
[White "Figueroa Viart, Mario Roberto"]
[Black "Yanes Canizares, Alejandro"]
[Result "0-1"]
[WhiteElo "2163"]
[BlackElo "2200"]
[PlyCount "44"]
[EventDate "2007.11.05"]
[EventType "tourn"]
[EventRounds "14"]
[EventCountry "CUB"]
[SourceTitle "EXT 2019"]
[Source "ChessBase"]
[SourceDate "2018.10.10"]
[SourceVersion "1"]
[SourceVersionDate "2018.10.10"]
[SourceQuality "1"]

1. d4 Nf6 2. c4 e6 3. Nf3 d5 4. Nc3 Be7 5. Bg5 Nbd7 6. e3 0-0 7. Bd3 a6 8. cxd5 Nxd5 9. Bxe7 Qxe7 10. Nxd5 exd5 11. 0-0 Nf6 12. Ne5 c5 13. Rc1 cxd4 14. exd4 Qb4 15. Rc2 Be6 16. a3 Qb6 17. Re2 Ne4 18. Bxe4 dxe4 19. d5 Rad8 20. Nc4 Qc5 21. Ne3 Bxd5 22. Rd2 Bb3 0-1

[Event "Havana Municipal Plaza"]
[Site "Havana"]
[Date "2007.11.12"]
[Round "6"]
[White "Leon Valdes, Jony Wilson"]
[Black "Figueroa Viart, Mario Roberto"]
[Result "1/2-1/2"]
[WhiteElo "2098"]
[BlackElo "2163"]
[PlyCount "36"]
[EventDate "2007.11.05"]
[EventType "tourn"]
[EventRounds "14"]
[EventCountry "CUB"]
[SourceTitle "EXT 2019"]
[Source "ChessBase"]
[SourceDate "2018.10.10"]
[SourceVersion "1"]
[SourceVersionDate "2018.10.10"]
[SourceQuality "1"]

1. e4 d6 2. d4 Nf6 3. Nc3 g6 4. Bg5 Bg7 5. f4 c5 6. e5 Nfd7 7. exd6 cxd4 8. Nb5 Qa5+ 9. Qd2 Qxd2+ 10. Kxd2 Na6 11. dxe7 Nf6 12. Re1 Be6 13. Nxd4 Nc5 14. Nxe6 Nxe6 15. Nf3 Kxe7 16. Bc4 Rhc8 17. Ne5 Kf8 18. Bb3 Nc5 1/2-1/2

[Event "Havana-ch sf region"]
[Site "Havana"]
[Date "1998.??.??"]
[Round "?"]
[White "Figueroa Viart, Mario Roberto"]
[Black "Pulido Alvarez, Ariel"]
[Result "1-0"]
[WhiteElo "2150"]
[BlackElo "2190"]
[PlyCount "79"]
[EventDate "1998.??.??"]
[EventType "swiss"]
[EventRounds "9"]
[EventCountry "CUB"]
[SourceTitle "EXT 2003"]
[Source "ChessBase"]
[SourceDate "2002.11.25"]
[SourceVersion "1"]
[SourceVersionDate "2002.11.25"]
[SourceQuality "1"]

1. d4 Nf6 2. c4 g6 3. Nc3 d5 4. Nf3 Bg7 5. Qb3 dxc4 6. Qxc4 0-0 7. e4 Bg4 8. Be3 Nfd7 9. Rd1 Nb6 10. Qb3 Nc6 11. d5 Ne5 12. Be2 Nxf3+ 13. gxf3 Bh5 14. Rg1 Qd7 15. Rg3 c6 16. a4 cxd5 17. a5 Nc8 18. Rxd5 Qe6 19. Nb5 Be5 20. Rg5 Bxh2 21. Rxh5 gxh5 22. Rg5+ Qg6 23. f4 a6 24. Nc3 Nd6 25. Bxh5 Qxg5 26. fxg5 Rac8 27. Nd5 Rfe8 28. Bg4 Rc4 29. f3 Be5 30. Nb6 Rc7 31. f4 Bg7 32. e5 Nb5 33. Bh5 e6 34. Qd3 Bf8 35. Bd1 Bb4+ 36. Kf1 Kg7 37. Bc2 Rh8 38. f5 exf5 39. Qxf5 Rc6 40. Bb3 1-0

[Event "Havana-ch sf region"]
[Site "Havana"]
[Date "1998.??.??"]
[Round "?"]
[White "Lopez Jimenez, Armando"]
[Black "Figueroa Viart, Mario Roberto"]
[Result "1/2-1/2"]
[WhiteElo "2265"]
[BlackElo "2150"]
[PlyCount "50"]
[EventDate "1998.??.??"]
[EventType "swiss"]
[EventRounds "9"]
[EventCountry "CUB"]
[SourceTitle "EXT 2003"]
[Source "ChessBase"]
[SourceDate "2002.11.25"]
[SourceVersion "1"]
[SourceVersionDate "2002.11.25"]
[SourceQuality "1"]

1. d4 Nf6 2. Nf3 g6 3. c4 Bg7 4. Nc3 0-0 5. e4 d6 6. Be2 c5 7. 0-0 cxd4 8. Nxd4 Nc6 9. Be3 Bd7 10. f3 Nxd4 11. Bxd4 a5 12. Qd2 Bc6 13. Rab1 Nd7 14. Be3 Nc5 15. b3 Qb6 16. Rfc1 Rfc8 17. Rc2 Qd8 18. a3 b6 19. b4 axb4 20. axb4 Nd7 21. Bg5 Ra3 22. Nd5 Bxd5 23. exd5 Rca8 24. Bf1 Ne5 25. Be3 Nd7 1/2-1/2

[Event "Havana op"]
[Site "Havana"]
[Date "1992.??.??"]
[Round "?"]
[White "Figueroa Viart, Mario Roberto"]
[Black "Gonzalez, Raul"]
[Result "1/2-1/2"]
[WhiteElo "2220"]
[BlackElo "2295"]
[PlyCount "84"]
[EventDate "1992.??.??"]
[EventType "swiss"]
[EventRounds "9"]
[EventCountry "CUB"]
[SourceTitle "EXT 2000"]
[Source "ChessBase"]
[SourceDate "1999.11.16"]
[SourceVersion "1"]
[SourceVersionDate "1999.11.16"]
[SourceQuality "1"]

1. d4 Nf6 2. c4 c5 3. d5 e6 4. Nc3 g6 5. e4 d6 6. Bg5 Bg7 7. Nf3 0-0 8. Be2 h6 9. Bh4 e5 10. Nd2 a6 11. 0-0 Qe8 12. a3 Nh7 13. b4 Nd7 14. Rb1 h5 15. f3 f5 16. Na4 b6 17. bxc5 bxc5 18. Nb6 Nxb6 19. Rxb6 g5 20. Bf2 Qd8 21. Qb3 f4 22. h3 Nf6 23. Rb1 g4 24. fxg4 hxg4 25. Bh4 gxh3 26. gxh3 Qd7 27. Bxf6 Bxf6 28. Bg4 Qh7 29. Qf3 Bxg4 30. Qxg4+ Kh8 31. Rb7 Qh6 32. Kh1 Rg8 33. Qf5 Raf8 34. Nf3 Rg3 35. Ng1 Bd8 36. Rh7+ Qxh7 37. Qxf8+ Rg8 38. Qf5 Qh4 39. Rb7 Rxg1+ 40. Kxg1 Qe1+ 41. Kg2 Qe2+ 42. Kg1 Qe1+ 1/2-1/2

[Event "Havana op"]
[Site "Havana"]
[Date "1992.??.??"]
[Round "?"]
[White "Pina, Ulises"]
[Black "Figueroa Viart, Mario Roberto"]
[Result "1-0"]
[WhiteElo "2355"]
[BlackElo "2220"]
[PlyCount "68"]
[EventDate "1992.??.??"]
[EventType "swiss"]
[EventRounds "9"]
[EventCountry "CUB"]
[SourceTitle "EXT 2000"]
[Source "ChessBase"]
[SourceDate "1999.11.16"]
[SourceVersion "1"]
[SourceVersionDate "1999.11.16"]
[SourceQuality "1"]

1. Nf3 Nf6 2. c4 c6 3. Nc3 d5 4. d4 dxc4 5. e4 b5 6. e5 Nd5 7. a4 e6 8. axb5 Bb4 9. Qa4 a5 10. bxc6 0-0 11. Bd2 Nb6 12. c7 Qxc7 13. Qc2 h6 14. Be2 Nc6 15. 0-0 Bb7 16. Qe4 f5 17. exf6 Rxf6 18. Qg4 Qf7 19. Be3 Rf8 20. Qh3 Qc7 21. Ne4 R6f7 22. Neg5 hxg5 23. Nxg5 g6 24. Qxe6 Nd8 25. Qxg6+ Rg7 26. Qh6 Bd5 27. Bg4 a4 28. g3 c3 29. bxc3 Bxc3 30. Rac1 a3 31. Ne6 Nxe6 32. Bxe6+ Bxe6 33. Qxe6+ Rgf7 34. Qb3 Qc4 1-0